| 000 | 00968nam a22003137a 4500 | ||
|---|---|---|---|
| 001 | BR6008229 | ||
| 003 | BR-BrBNA | ||
| 005 | 20230928083308.0 | ||
| 007 | ta | ||
| 008 | 230509b bl.||||| |||| 00| 0 por d | ||
| 040 |
_aBR-BrBNA _bpor _cBiblioteca Nacional de Agricultura |
||
| 041 | _a(Por) | ||
| 072 |
_aF00 _b0150 |
||
| 090 | _ 0150 BR6008229 | ||
| 100 | 1 | _aOliveira, A.B. de | |
| 110 | 1 |
_aUniversidade Federal de Vicosa, MG (Brasil) _0Tese (Magister Scientiae) |
|
| 245 | 1 | _aEfeitos do espacamento entre fileiras e da densidade de plantio em dois cultivares de arroz, sob irrigacao por aspersao [Oryza sativa; Brasil] | |
| 260 | 3 |
_aVicosa, MG (Brasil): _c1976. |
|
| 300 | _a44 p. | ||
| 500 | _a11 tables; 29 ref. | ||
| 650 | _aArroz | ||
| 650 | _aEspacamento | ||
| 650 | _aDensidade de plantio | ||
| 650 | _aCultura irrigada | ||
| 650 | _aIrrigacao por aspersao | ||
| 650 | _aVariedade | ||
| 909 |
_a202309 _bLucia _c55 _dLucia Elande |
||
| 942 | _cBK | ||
| 999 |
_c12641 _d12641 |
||